Člověk a umělá inteligence

Enregistré dans:
Détails bibliographiques
Auteur principal: Pospíšil, Zdeněk
Format: Livre
Langue:tchèque
Publié: Praha Nakladatelství Epocha 2024
Édition:1. vydání
Sujets:
Tags: Ajouter un tag
Pas de tags, Soyez le premier à ajouter un tag!

MARC

LEADER 00000nam a2200000 4500
001 0305506
005 20250219155412.0
020 |a 978-80-278-0214-2 
041 0 |a cze 
044 |a CZ 
245 1 0 |a Člověk a umělá inteligence  |c Zdeněk Pospíšil 
250 |a 1. vydání 
264 1 |a Praha  |b Nakladatelství Epocha  |c 2024 
300 |a 84 s. 
610 2 0 |a inteligencia umelá 
610 2 0 |a ochrana ľudských práv 
610 2 0 |a spoločnosť informačná 
100 1 |a Pospíšil, Zdeněk